[Event "Titled Tuesday intern op 14th Nov Early"]
[Site "Chess.com INT"]
[Date "2023.11.14"]
[Round "1"]
[White "Yunusov, Nuriddin"]
[Black "Bodnaruk, Anastasia"]
[Result "0-1"]
[WhiteElo "2012"]
[BlackElo "2340"]
[PlyCount "76"]
[EventDate "2023.11.14"]
[EventType "swiss (blitz)"]
[EventRounds "11"]
[EventCountry "USA"]
[SourceTitle "CB47_2023"]
[SourceDate "2023.11.22"]
[SourceVersion "1"]
[SourceVersionDate "2023.11.22"]
[SourceQuality "1"]

1. e4 c5 2. c3 Nf6 3. e5 Nd5 4. d4 cxd4 5. Qxd4 e6 6. Nf3 Nc6 7. Qe4 f5 8. Qe2 b5 9. g3 Rb8 10. Bg2 Be7 11. 0-0 0-0 12. Nbd2 Qc7 13. Nb3 a6 14. Rd1 Bb7 15. h4 f4 16. Rxd5 exd5 17. Bxf4 Rbe8 18. Re1 Nd8 19. e6 Qc8 20. Bh3 Nxe6 21. Bxe6+ dxe6 22. Qxe6+ Qxe6 23. Rxe6 Kh8 24. Rb6 Bc8 25. Nbd4 Bf6 26. Bd6 Rf7 27. Nc6 h6 28. Nfe5 Bxe5 29. Bxe5 Re6 30. f4 Kh7 31. Kf2 Bd7 32. Nd8 Rxf4+ 33. Bxf4 Rxb6 34. Ke3 Kg8 35. Kd4 Kf8 36. Kxd5 Ke7 37. Bc7 Rf6 38. Nb7 Bc6+ 0-1

[Event "Titled Tuesday intern op 19th Sep Early"]
[Site "Chess.com INT"]
[Date "2023.09.19"]
[Round "1"]
[White "Yunusov, Nuriddin"]
[Black "Kvaloy, Aksel Bu"]
[Result "0-1"]
[WhiteElo "2012"]
[BlackElo "2469"]
[PlyCount "70"]
[EventDate "2023.09.19"]
[EventType "swiss (blitz)"]
[EventRounds "11"]
[EventCountry "USA"]
[SourceTitle "EXT 2024"]
[Source "ChessBase"]
[SourceDate "2023.10.10"]
[SourceVersion "1"]
[SourceVersionDate "2023.10.10"]
[SourceQuality "1"]

1. e4 e5 2. Nf3 Nc6 3. Nc3 Nf6 4. Bb5 Nd4 5. 0-0 Nxb5 6. Nxb5 d6 7. d4 exd4 8. Nbxd4 Be7 9. Re1 0-0 10. h3 c6 11. c4 Be6 12. b3 a6 13. Bb2 Nd7 14. Nxe6 fxe6 15. Nd4 Rf6 16. Qg4 Rg6 17. Nxe6 Qe8 18. Qf5 Bf6 19. Nc7 Qd8 20. Bxf6 Rxf6 21. Nxa8 Rxf5 22. exf5 Qxa8 23. Re7 Ne5 24. f4 Kf8 25. Re6 Qa7+ 26. Kh2 Qd4 27. Re1 Qxf4+ 28. Kh1 Qg3 29. Rd1 Nd3 30. Rf1 Nf2+ 31. Kg1 Nxh3+ 32. Kh1 Nf2+ 33. Kg1 Ng4 34. Rf3 Qh2+ 35. Kf1 Qh1+ 0-1

[Event "Titled Tuesday intern op 19th Sep Early"]
[Site "Chess.com INT"]
[Date "2023.09.19"]
[Round "4"]
[White "Yunusov, Nuriddin"]
[Black "Matthiesen, Martin"]
[Result "0-1"]
[WhiteElo "2012"]
[BlackElo "2282"]
[PlyCount "96"]
[EventDate "2023.09.19"]
[EventType "swiss (blitz)"]
[EventRounds "11"]
[EventCountry "USA"]
[SourceTitle "EXT 2024"]
[Source "ChessBase"]
[SourceDate "2023.10.10"]
[SourceVersion "1"]
[SourceVersionDate "2023.10.10"]
[SourceQuality "1"]

1. e4 c6 2. Nc3 d5 3. Nf3 Bg4 4. h3 Bxf3 5. Qxf3 e6 6. d4 Nf6 7. a3 dxe4 8. Qe3 Nd5 9. Qxe4 Nxc3 10. bxc3 Nd7 11. Bd3 Be7 12. 0-0 Nf6 13. Qf3 0-0 14. Bb2 Qd5 15. Qe2 c5 16. dxc5 Qxc5 17. c4 Rfd8 18. Rad1 Qc6 19. g4 Rac8 20. Rfe1 Ne8 21. f4 Bf6 22. Bxf6 Nxf6 23. g5 Nd7 24. Be4 Qc7 25. Qf3 Nc5 26. Bd3 g6 27. Rb1 Rd4 28. Rf1 Rcd8 29. Be2 b6 30. Rbd1 Ne4 31. Rxd4 Rxd4 32. Bd3 Qc5 33. Bxe4 Rxe4+ 34. Qf2 Rxc4 35. Qxc5 Rxc5 36. Rd1 Rxc2 37. Rd7 Rc3 38. Rxa7 Rxh3 39. Ra6 Rf3 40. Ra4 b5 41. Rb4 Rxa3 42. Kf2 Ra5 43. Ke3 Kg7 44. Kd4 h6 45. gxh6+ Kxh6 46. Ke5 Kg7 47. Kd6 Ra4 48. Rxa4 bxa4 0-1

[Event "Titled Tuesday intern op 12th Sep Early"]
[Site "Chess.com INT"]
[Date "2023.09.12"]
[Round "2"]
[White "Hernando Rodrigo, Julio Antonio"]
[Black "Yunusov, Nuriddin"]
[Result "1-0"]
[WhiteElo "2208"]
[BlackElo "2012"]
[PlyCount "155"]
[EventDate "2023.09.12"]
[EventType "swiss (blitz)"]
[EventRounds "11"]
[EventCountry "USA"]
[SourceTitle "EXT 2024"]
[Source "ChessBase"]
[SourceDate "2023.10.10"]
[SourceVersion "1"]
[SourceVersionDate "2023.10.10"]
[SourceQuality "1"]

1. d4 Nf6 2. c4 g6 3. Nc3 Bg7 4. e4 0-0 5. Nf3 d6 6. Be2 e5 7. 0-0 Nbd7 8. dxe5 dxe5 9. h3 Re8 10. Be3 c6 11. c5 Nh5 12. Qc2 Nf4 13. Bc4 Qe7 14. b4 Nf8 15. Rfd1 N8e6 16. Bf1 Qf6 17. Nh2 Nd4 18. Qb2 h5 19. Ne2 Rd8 20. Nxf4 exf4 21. Bxd4 Rxd4 22. Rxd4 Qxd4 23. Qxd4 Bxd4 24. Rd1 Bf6 25. Nf3 Be6 26. e5 Be7 27. a3 a5 28. Nd4 Bd5 29. Nc2 axb4 30. axb4 Bb3 31. Rd7 Bxc5 32. bxc5 Bxc2 33. Kh2 Ra5 34. Bc4 Rxc5 35. Bxf7+ Kf8 36. e6 Re5 37. Rxb7 Bf5 38. Rc7 Bxe6 39. Bxg6 Bd5 40. f3 h4 41. Be4 Bxe4 42. fxe4 Rxe4 43. Rxc6 Re2 44. Rf6+ Kg7 45. Rxf4 Kg6 46. Rxh4 Kg5 47. Rg4+ Kf5 48. Ra4 Rd2 49. h4 Rc2 50. Kh3 Rc3+ 51. g3 Rd3 52. Rg4 Rd2 53. Rg8 Kf6 54. h5 Rd5 55. Kh4 Kf7 56. Rg5 Rd1 57. Ra5 Rh1+ 58. Kg5 Rf1 59. h6 Kg8 60. Ra8+ Kh7 61. Ra7+ Kg8 62. h7+ Kh8 63. Kg6 Rf8 64. Rf7 Rb8 65. g4 Rb6+ 66. Rf6 Rb8 67. Kh6 Re8 68. Kg6 Rd8 69. Re6 Rd6 70. Kf7 Rxe6 71. Kxe6 Kxh7 72. Kf6 Kh8 73. g5 Kg8 74. Kg6 Kf8 75. Kh7 Kf7 76. g6+ Kf6 77. g7 Kf5 78. g8Q 1-0

[Event "Titled Tuesday intern op 12th Sep Early"]
[Site "Chess.com INT"]
[Date "2023.09.12"]
[Round "6"]
[White "Yunusov, Nuriddin"]
[Black "Manukian, Artak"]
[Result "1-0"]
[WhiteElo "2012"]
[BlackElo "2196"]
[PlyCount "101"]
[EventDate "2023.09.12"]
[EventType "swiss (blitz)"]
[EventRounds "11"]
[EventCountry "USA"]
[SourceTitle "EXT 2024"]
[Source "ChessBase"]
[SourceDate "2023.10.10"]
[SourceVersion "1"]
[SourceVersionDate "2023.10.10"]
[SourceQuality "1"]

1. e4 c6 2. Nc3 d5 3. Nf3 dxe4 4. Nxe4 Nf6 5. Qe2 Nxe4 6. Qxe4 Nd7 7. Bc4 Nf6 8. Ne5 e6 9. Qe2 b5 10. Bb3 a5 11. a4 Qb6 12. 0-0 Bb7 13. Nxf7 c5 14. Nxh8 c4 15. Ba2 Qc6 16. f3 Bc5+ 17. Kh1 Ke7 18. axb5 Qb6 19. Bxc4 Rxh8 20. c3 Kf7 21. d4 Be7 22. Bg5 Re8 23. Rfe1 Bc8 24. Bxf6 Bxf6 25. d5 g6 26. dxe6+ Kg7 27. Rad1 Qc5 28. Rd5 Qc7 29. Rdd1 Re7 30. Bd5 Qb6 31. c4 a4 32. Qc2 Ra7 33. Re4 Qd6 34. Rde1 Qe7 35. c5 a3 36. b6 Ra5 37. bxa3 Rxc5 38. Qb3 Rc3 39. b7 Rxb3 40. bxc8Q Rxa3 41. Qd7 Ra7 42. Qxe7+ Rxe7 43. g3 h5 44. h4 g5 45. Kg2 gxh4 46. gxh4 Kh6 47. Kg3 Rg7+ 48. Kh3 Be7 49. Re5 Bd6 50. e7 Bxe5 51. Rxe5 1-0

[Event "Titled Tuesday intern op 05th Sep Early"]
[Site "Chess.com INT"]
[Date "2023.09.05"]
[Round "7"]
[White "Mesa Cruz, Juan Carlos"]
[Black "Yunusov, Nuriddin"]
[Result "0-1"]
[WhiteElo "2139"]
[BlackElo "2012"]
[PlyCount "116"]
[EventDate "2023.09.05"]
[EventType "swiss (blitz)"]
[EventRounds "11"]
[EventCountry "USA"]
[SourceTitle "EXT 2024"]
[Source "ChessBase"]
[SourceDate "2023.10.10"]
[SourceVersion "1"]
[SourceVersionDate "2023.10.10"]
[SourceQuality "1"]

1. Nf3 Nf6 2. d4 g6 3. c4 Bg7 4. Nc3 0-0 5. e4 d6 6. Be2 e5 7. Be3 Ng4 8. Bg5 f6 9. Bd2 Nh6 10. h4 Bg4 11. d5 Nd7 12. Be3 f5 13. Ng5 Bxe2 14. Qxe2 Re8 15. Ne6 Rxe6 16. dxe6 Nf8 17. Bg5 Qe8 18. e7 Ne6 19. Nd5 c6 20. Ne3 f4 21. Ng4 Nxg4 22. Qxg4 Nd4 23. 0-0-0 h6 24. Rxd4 exd4 25. Bxf4 Qxe7 26. Qxg6 Qf7 27. Qxf7+ Kxf7 28. Bxd6 c5 29. f4 Ke6 30. Bxc5 Rc8 31. Ba3 Rxc4+ 32. Kd2 b5 33. b3 Rc3 34. Bb2 Rg3 35. f5+ Ke5 36. Re1 Rxg2+ 37. Re2 Rg4 38. Kd3 Rg3+ 39. Kd2 Rg4 40. Kd3 Rg3+ 41. Kd2 h5 42. Bc1 Bh6+ 43. Kd1 Rg1+ 44. Re1 Rxe1+ 45. Kxe1 Bxc1 46. Kd1 Bh6 47. Kc2 Bg7 48. a3 Bf6 49. a4 bxa4 50. Kd3 Bxh4 51. bxa4 Bf6 52. a5 h4 53. Ke2 h3 54. Kf3 d3 55. Kg3 d2 56. Kxh3 d1Q 57. Kg3 Qd4 58. Kg2 Qxe4+ 0-1

[Event "Titled Tuesday intern op 29th Aug Early"]
[Site "Chess.com INT"]
[Date "2023.08.29"]
[Round "11"]
[White "Dilmukhametov, Artur"]
[Black "Yunusov, Nuriddin"]
[Result "1-0"]
[WhiteElo "2276"]
[BlackElo "2012"]
[PlyCount "127"]
[EventDate "2023.08.29"]
[EventType "swiss (blitz)"]
[EventRounds "11"]
[EventCountry "USA"]
[SourceTitle "EXT 2024"]
[Source "ChessBase"]
[SourceDate "2023.10.10"]
[SourceVersion "1"]
[SourceVersionDate "2023.10.10"]
[SourceQuality "1"]

1. e4 e5 2. Nf3 Nc6 3. Bb5 a6 4. Ba4 Nf6 5. d4 exd4 6. 0-0 d6 7. Nxd4 Bd7 8. Bxc6 bxc6 9. Nc3 Be7 10. Qf3 c5 11. Nf5 Bxf5 12. Qxf5 Qd7 13. Qf3 0-0 14. h3 h6 15. Rd1 Qe6 16. Bf4 Rad8 17. b3 c6 18. Re1 Nd7 19. Rad1 Ne5 20. Qg3 Ng6 21. Bc1 Bf6 22. Na4 Rfe8 23. f4 Bh4 24. Qd3 Bxe1 25. Rxe1 f5 26. Qxa6 fxe4 27. Qxc6 Nh4 28. Re2 Nf5 29. c3 Rc8 30. Qb7 d5 31. Ba3 d4 32. Nxc5 Rxc5 33. Bxc5 d3 34. Rd2 e3 35. Rxd3 e2 36. Bf2 e1Q+ 37. Bxe1 Qxe1+ 38. Kh2 Kh8 39. Qd7 Qe4 40. Rf3 Rf8 41. Qd3 Qe6 42. c4 Nh4 43. Re3 Qc6 44. Rg3 Rxf4 45. Qd8+ Kh7 46. Qd5 Qf6 47. Qd3+ Nf5 48. Rg4 Rf2 49. Qe4 g6 50. c5 h5 51. Rf4 Rxf4 52. Qxf4 Qc6 53. b4 Qa4 54. Qc7+ Kh6 55. Qf4+ Kh7 56. Qc4 Ne3 57. Qf7+ Kh8 58. Qe8+ Kh7 59. Qxa4 Nf1+ 60. Kg1 Ne3 61. Qd7+ Kh6 62. Qd2 g5 63. Qxe3 Kg6 64. c6 1-0

[Event "Titled Tuesday intern op 29th Aug Early"]
[Site "Chess.com INT"]
[Date "2023.08.29"]
[Round "4"]
[White "Kashefi, Amir Hossein"]
[Black "Yunusov, Nuriddin"]
[Result "1-0"]
[WhiteElo "2194"]
[BlackElo "2012"]
[PlyCount "99"]
[EventDate "2023.08.29"]
[EventType "swiss (blitz)"]
[EventRounds "11"]
[EventCountry "USA"]
[SourceTitle "EXT 2024"]
[Source "ChessBase"]
[SourceDate "2023.10.10"]
[SourceVersion "1"]
[SourceVersionDate "2023.10.10"]
[SourceQuality "1"]

1. d4 Nf6 2. c4 g6 3. Nc3 Bg7 4. Nf3 0-0 5. g3 d6 6. Bg2 Nc6 7. 0-0 e5 8. dxe5 Nxe5 9. Nxe5 dxe5 10. Qc2 c6 11. Bg5 Qc7 12. Rad1 Bf5 13. e4 Be6 14. b3 h6 15. Be3 Rfd8 16. Qb2 Bf8 17. Rc1 Ng4 18. Nd5 Bxd5 19. cxd5 Nxe3 20. fxe3 c5 21. Qf2 Bg7 22. h4 h5 23. Bh3 Rd6 24. Kh2 Rf8 25. Qc2 Qa5 26. Rf2 b6 27. Rcf1 Qa6 28. a4 Bh6 29. Rf3 Qb7 30. g4 hxg4 31. Bxg4 Qe7 32. Kh3 f5 33. exf5 e4 34. Rg3 Kh8 35. Qg2 gxf5 36. Bxf5 Rdf6 37. Rg6 Rxg6 38. Qxg6 Qg7 39. Qxg7+ Kxg7 40. d6 Bxe3 41. d7 Bd4 42. Bxe4 Rd8 43. Bc6 Bf6 44. Re1 Kf7 45. Re8 a6 46. h5 Kg7 47. Kg4 Kh6 48. Kf5 Bg5 49. Re6+ Kh7 50. Kxg5 1-0

[Event "Titled Tuesday intern op 08th Aug Early"]
[Site "Chess.com INT"]
[Date "2023.08.08"]
[Round "10"]
[White "Yunusov, Nuriddin"]
[Black "Mitrovic, Darko R"]
[Result "0-1"]
[WhiteElo "2012"]
[BlackElo "2220"]
[PlyCount "28"]
[EventDate "2023.08.08"]
[EventType "swiss (blitz)"]
[EventRounds "11"]
[EventCountry "USA"]
[SourceTitle "EXT 2024"]
[Source "ChessBase"]
[SourceDate "2023.10.10"]
[SourceVersion "1"]
[SourceVersionDate "2023.10.10"]
[SourceQuality "1"]

1. e4 e6 2. d4 d5 3. Nc3 Bb4 4. Nge2 Nf6 5. e5 Ne4 6. a3 Nxc3 7. bxc3 Be7 8. Nf4 g6 9. h4 Bxh4 10. Qg4 Be7 11. Bd3 c6 12. Nxg6 fxg6 13. Rxh7 0-0 14. Qg5 Bxg5 0-1

[Event "World ol U16"]
[Site "Nakhchivan"]
[Date "2022.10.09"]
[Round "8.4"]
[White "Yunusov, Nuriddin"]
[Black "Harshad, S."]
[Result "0-1"]
[WhiteElo "1940"]
[BlackElo "2218"]
[PlyCount "72"]
[EventDate "2022.10.02"]
[EventType "team-swiss"]
[EventRounds "9"]
[EventCountry "AZE"]
[SourceTitle "CBM 210 Extra"]
[Source "ChessBase"]
[SourceDate "2022.11.30"]
[SourceVersion "1"]
[SourceVersionDate "2022.11.30"]
[SourceQuality "1"]
[WhiteTeam "Kyrgyzstan"]
[BlackTeam "India"]
[WhiteTeamCountry "KGZ"]
[BlackTeamCountry "IND"]

1. e4 c5 2. c3 d5 3. exd5 Qxd5 4. d4 g6 5. Nf3 Bg7 6. dxc5 Qxc5 7. Be3 Qc7 8. Be2 Nh6 9. Nd4 Nc6 10. Nxc6 Qxc6 11. Na3 0-0 12. Bf3 Qc7 13. Nb5 Qa5 14. Bxh6 Bxh6 15. Qe2 a6 16. Nd4 e5 17. Nb3 Qc7 18. Bd5 Rd8 19. Rd1 a5 20. c4 Kh8 21. h4 Ra6 22. h5 Kg7 23. 0-0 gxh5 24. Qxh5 Rg6 25. Qe2 Bf4 26. g3 a4 27. Nc1 h5 28. Bg2 Bg4 29. f3 Bxg3 30. fxg4 Qb6+ 31. c5 Qxc5+ 32. Kh1 Rxd1 33. Rxd1 hxg4 34. Nd3 Rh6+ 35. Bh3 Rxh3+ 36. Kg2 Qc6+ 0-1

[Event "World ol U16"]
[Site "Nakhchivan"]
[Date "2022.10.08"]
[Round "7.5"]
[White "Yavuz, Efe Metehan"]
[Black "Yunusov, Nuriddin"]
[Result "1-0"]
[WhiteElo "2215"]
[BlackElo "1940"]
[PlyCount "101"]
[EventDate "2022.10.02"]
[EventType "team-swiss"]
[EventRounds "9"]
[EventCountry "AZE"]
[SourceTitle "CBM 210 Extra"]
[Source "ChessBase"]
[SourceDate "2022.11.30"]
[SourceVersion "1"]
[SourceVersionDate "2022.11.30"]
[SourceQuality "1"]
[WhiteTeam "Turkey Anatolia"]
[BlackTeam "Kyrgyzstan"]
[WhiteTeamCountry "TUR"]
[BlackTeamCountry "KGZ"]

1. d4 Nf6 2. Nf3 b5 3. e3 a6 4. a4 b4 5. Bd3 Bb7 6. c3 bxc3 7. bxc3 e6 8. 0-0 Be7 9. Nbd2 0-0 10. Rb1 Ra7 11. Qc2 d6 12. e4 h6 13. c4 Nfd7 14. Nb3 c5 15. d5 e5 16. Bd2 Re8 17. Rb2 Qc8 18. Rfb1 Bd8 19. Na5 Ba8 20. Be2 Bc7 21. Nb3 Qd8 22. g3 a5 23. Nh4 Na6 24. Qd1 Nb4 25. Nc1 Bb7 26. Na2 Ra6 27. Nc3 Qf6 28. Nb5 Bd8 29. Rb3 Nf8 30. Rf3 Qe7 31. Nf5 Qd7 32. Qc1 h5 33. Qf1 f6 34. Qh3 g6 35. Nh6+ Kg7 36. g4 Bc8 37. Rg3 Nh7 38. Nf5+ gxf5 39. gxf5+ Ng5 40. Bxh5 Kf8 41. Bxg5 fxg5 42. Bxe8 Qxe8 43. Qh8+ Kf7 44. Qh7+ Kf8 45. Qh6+ Kf7 46. Rh3 Qg8 47. Nxd6+ Rxd6 48. Qxd6 Be7 49. Qc7 Qd8 50. Rh7+ Kf8 51. Rh8+ 1-0

[Event "World ol U16"]
[Site "Nakhchivan"]
[Date "2022.10.07"]
[Round "6.6"]
[White "Yunusov, Nuriddin"]
[Black "Zacarias Rodriguez, Santiago"]
[Result "1/2-1/2"]
[WhiteElo "1940"]
[BlackElo "2091"]
[PlyCount "88"]
[EventDate "2022.10.02"]
[EventType "team-swiss"]
[EventRounds "9"]
[EventCountry "AZE"]
[SourceTitle "CBM 210 Extra"]
[Source "ChessBase"]
[SourceDate "2022.11.30"]
[SourceVersion "1"]
[SourceVersionDate "2022.11.30"]
[SourceQuality "1"]
[WhiteTeam "Kyrgyzstan"]
[BlackTeam "Mexico"]
[WhiteTeamCountry "KGZ"]
[BlackTeamCountry "MEX"]

1. d4 Nf6 2. c4 c5 3. Nf3 cxd4 4. Nxd4 e5 5. Nb5 d5 6. cxd5 Bc5 7. e3 0-0 8. N5c3 Bf5 9. Bc4 Nbd7 10. 0-0 e4 11. Nd2 Rc8 12. Be2 Nb6 13. Nb3 Nbxd5 14. Nxd5 Qxd5 15. Bd2 Be6 16. Nxc5 Qxc5 17. Qa4 Qc2 18. Qb4 Rfd8 19. Rfd1 Bc4 20. Bxc4 Rxc4 21. Qb3 h6 22. Bc3 Rxd1+ 23. Rxd1 Qxb3 24. axb3 Rc6 25. Rd8+ Kh7 26. Rd4 Kg6 27. Rc4 Nd5 28. Bd4 a6 29. Kf1 f6 30. Ke2 Kf5 31. f3 exf3+ 32. gxf3 Ke6 33. Rxc6+ bxc6 34. Kd3 Kd6 35. Ke4 Ke6 36. Kd3 Kd6 37. Ke4 g6 38. Kd3 f5 39. Bg7 h5 40. h4 f4 41. e4 Ne3 42. Bh6 Ke5 43. Bg7+ Ke6 44. Bh6 Ke5 1/2-1/2

[Event "Nizami Ganjavi 880 years U17"]
[Site "Tornelo INT"]
[Date "2021.04.02"]
[Round "3.6"]
[White "Romero, Gladimir Chester"]
[Black "Yunusov, Nuriddin"]
[Result "0-1"]
[WhiteElo "1519"]
[BlackElo "1659"]
[PlyCount "146"]
[EventDate "2021.04.02"]
[EventType "team-swiss (blitz)"]
[EventRounds "9"]
[EventCountry "AZE"]
[SourceTitle "EXT 2023"]
[Source "ChessBase"]
[SourceDate "2022.10.05"]
[SourceVersion "1"]
[SourceVersionDate "2022.10.05"]
[SourceQuality "1"]
[WhiteTeam "Philippines"]
[BlackTeam "Kyrgyzstan"]
[WhiteTeamCountry "PHI"]
[BlackTeamCountry "KGZ"]

1. e4 e5 2. Nf3 Nc6 3. Bc4 Nf6 4. d3 Be7 5. 0-0 0-0 6. Nc3 d6 7. h3 Na5 8. Bb3 Nxb3 9. axb3 c5 10. Be3 Re8 11. Ne2 Bf8 12. Ng3 g6 13. Qd2 Bg7 14. Bg5 Qc7 15. Nh4 Be6 16. f4 exf4 17. Qxf4 Nd7 18. Bh6 Bxb2 19. Rae1 Be5 20. Qf3 b5 21. Bf4 a5 22. Ngf5 Bxf4 23. Qxf4 Ne5 24. Nh6+ Kf8 25. Qf6 Qd8 26. Qh8+ Ke7 27. Qxh7 Rh8 28. Qg7 Qf8 29. Qf6+ Kd7 30. Ng4 Nxg4 31. hxg4 Qe7 32. Qxe7+ Kxe7 33. Nf3 Bxg4 34. Ra1 Bxf3 35. Rxf3 a4 36. bxa4 bxa4 37. Ra3 Rhb8 38. Rf2 Rb2 39. Kh2 Rb7 40. Kg3 Ke6 41. Kf3 f5 42. Ke3 Ke5 43. exf5 gxf5 44. Rf4 Rb4 45. Rf2 d5 46. Kd2 d4 47. g3 Rg8 48. Rf3 Rh8 49. Rf2 Rh3 50. Rg2 Kf6 51. Ke2 Kg5 52. Kf3 Rh1 53. Rf2 Rg1 54. Ra2 c4 55. Rd2 Rc1 56. Kf2 Kg4 57. Kg2 c3 58. Rf2 Rcb1 59. Re2 R1b2 60. Ra1 Kg5 61. Kf3 Rb1 62. Ra2 Rc1 63. Kg2 Kg4 64. Rf2 Rd1 65. Rf4+ Kg5 66. Rf2 Rd2 67. Kf3 Rxf2+ 68. Kxf2 Kg4 69. Kg2 Rb2 70. Rxa4 Rxc2+ 71. Kf1 Kxg3 72. Rxd4 f4 73. Ke1 f3 0-1